| 000 | 00784nam a22001457a 4500 | ||
|---|---|---|---|
| 999 |
_c121211 _d121211 |
||
| 001 | K121211 | ||
| 008 | 190716b2019 ||||| |||| 00| 0 eng d | ||
| 110 |
_94773 _aArup |
||
| 245 | _aBlockchain and the built environment | ||
| 260 | _c2019 | ||
| 520 | _aExamines applications of blockchain technology within five key markets of the built environment: cities, energy, property, transport and water. It provides a review of the opportunities, challenges and emerging case studies of blockchain technology, informed by conversations with experts across industry and academia. | ||
| 650 | _aBLOCKCHAIN | ||
| 690 |
_96274 _aPropTech |
||
| 856 |
_uhttps://www.arup.com/perspectives/publications/research/section/blockchain-and-the-built-environment _zRead the publication on the Arup website |
||